Normal view
MARC view
- Topics in environmental chemistry
Entry Uniform Title
001 - CONTROL NUMBER
- control field: 3031
003 - CONTROL NUMBER IDENTIFIER
- control field: NUST
005 - DATE AND TIME OF LATEST TRANSACTION
- control field: 20170621121832.0
008 - FIXED-LENGTH DATA ELEMENTS
- fixed length control field: 170621|| aca||aabn | a|a d
040 ## - CATALOGING SOURCE
- Original cataloging agency: NUST
- Transcribing agency: NUST
130 ## - HEADING--UNIFORM TITLE
- Uniform title: Topics in environmental chemistry
670 ## - SOURCE DATA FOUND
- Source citation: Work cat.: (NUST)0: Crosby, Donald G. 3030, Environmental toxicology and chemistry /, 1998.
